Illuminations (Record no. 266794)

MARC details
000 -LEADER
fixed length control field 01043nam a2200253Ia 4500
008 - FIXED-LENGTH DATA ELEMENTS--GENERAL INFORMATION
fixed length control field 191130s1997##################000#0#eng##
020 ## - INTERNATIONAL STANDARD BOOK NUMBER
ISBN 9780691059716
082 ## - DEWEY DECIMAL CLASSIFICATION NUMBER
Classification number 708.147186 HIN
100 ## - MAIN ENTRY--AUTHOR NAME
Personal name Hindman, Sandra
245 ## - TITLE STATEMENT
Title Illuminations
Statement of responsibility, etc Sandra Hindman ... [et al.]
260 ## - PUBLICATION, DISTRIBUTION, ETC. (IMPRINT)
Place of publication New York
Name of publisher Metropolitan Museum of Art ; Princeton University Press
Year of publication c1997
300 ## - PHYSICAL DESCRIPTION
Number of Pages xv, 240 p. : ill. (some col.), facsims. ; 29 cm
500 ## - GENERAL NOTE
General note Includes index. Bibliography: p. 199-225
650 ## - SUBJECT ADDED ENTRY--TOPICAL TERM
Topical Term Illumination of books and manuscripts - Catalogs
Topical Term Illumination of books and manuscripts - New York (State) - New York - Catalogs
Topical Term Illumination of books and manuscripts - Private collections - New York (State) - New York - Catalogs
Topical Term Illumination of books and manuscripts, European - Catalogs
Topical Term Illumination of books and manuscripts, Italian - Catalogs
991 ## -
-- 293775
Holdings
Withdrawn status Lost status Damaged status Not for loan Home library Current library Shelving location Date acquired Full call number Accession Number Price effective from Koha item type
        Anna Centenary Library Anna Centenary Library 6TH FLOOR, B WING 13.10.2020 708.147186 HIN 165980 13.10.2020 English Books

Find us on the map